EDM Artist to Nationality - Click Quiz - Statistics

General Stats
  • This quiz has been taken 23 times
  • The average score is 9 of 18
Answer Stats
Hint Answer % Correct
Avicii Sweden
95%
David Guetta France
84%
Martin Garrix Netherlands
84%
Calvin Harris United Kingdom
74%
Charlotte de Witte Belgium
58%
deadmau5 Canada
53%
Zedd Germany
53%
Darude Finland
47%
Kygo Norway
47%
Peggy Gou South Korea
47%
Illenium United States
47%
Timmy Trumpet Australia
42%
Black Coffee South Africa
37%
Alok Brazil
32%
Tom Swoon Poland
26%
Miss K8 Ukraine
26%
Vinai Italy
21%
Kura Portugal
21%
No matching quizzes found
Score Distribution
Percent of People with Each Score
Percentile by Number Answered
Your Score History
You have not taken this quiz